Die Internationale - Liedtext - Statistiken

Allgemein
  • Dieses Quiz wurde 109 mal gespielt
  • Das Durchschnittsergebnis liegt bei 91 aus 177
Antwortstatistiken
Antwort % Korrekt
die
93%
Die
93%
Das
87%
das
87%
In
85%
zu
81%
zum
79%
Internationale
78%
auf
76%
Auf
76%
Völker
75%
hört
73%
Signale
73%
der
70%
letzten
70%
Menschenrecht
69%
Erde
67%
erkämpft
67%
Gefecht
67%
Diese
64%
dieser
64%
wir
64%
Wacht
63%
es
61%
Es
61%
Ein
60%
man
60%
noch
60%
Verdammte
60%
uns
58%
Uns
58%
zwingt
58%
Recht
55%
sei
55%
stets
55%
Hungern
54%
mit
54%
Macht
52%
macht
52%
nicht
52%
Nicht
52%
dem
51%
wie
51%
und
49%
sein
48%
Sklaven
48%
kein
46%
länger
46%
Durchbruch
45%
Gott
45%
ihr
45%
im
43%
Kaiser
43%
werden
43%
Alles
42%
Nichts
42%
wache
42%
Wesen
42%
Glut
40%
Heer
39%
nun
39%
Reinen
39%
rettet
39%
Tisch
39%
Bedränger
37%
dringt
37%
höh’res
37%
Tribun
37%
aus
36%
nur
36%
sind
36%
strömt
36%
tun
36%
zuhauf
36%
Kraterherde
34%
selber
34%
sie
34%
unser
34%
Unser
34%
erlösen
33%
können
33%
muss
33%
Welt
31%
Elend
30%
Land
30%
tragt
30%
des
27%
Stadt
27%
stärkste
27%
Blut
25%
Partei’n
25%
Armen
24%
dann
24%
Reichen
24%
Arbeitsleute
22%
Pflicht
22%
Wort
22%
Knechte
21%
Leeres
21%
Schmach
21%
wenn
21%
Rechte
19%
beiseite
18%
Fraß
18%
Geier
18%
haben
18%
nennt
18%
Raben
18%
schiebt
18%
Sonn’
18%
Unmündig
18%
duldet
16%
Müßiggänger
16%
scheint
16%
Erst
15%
mehr
15%
ohn’
15%
Unterlass
15%
vertrieben
13%
mächt’gen
12%
Keine übereinstimmenden Quizze gefunden
Verteilung der Resultate
Anzahl Personen mit jedem Resultat
Perzentil nach korrekt beantworteten Fragen
Ihre Resultats-Entwicklung
Sie haben dieses Quiz noch nicht gespielt